00581nam a2200205Ia 4500008004100000041001200041082001200053100001700065245004500082260004400127300000800171365000800179520001300187520004700200546001200247630004500259650001300304655001300317730004500330101110s9999 xx 000 0 und d aENGLISH bSR32817 aJain Anil K. aFundamentals of digital image processing c2001bPrentice Hall of India, New delhi a569 b225 aComputer aSent to Computer Science Dept., Dt.3/11/09 aENGLISH aFundamentals of digital image processing aComputer aComputer aFundamentals of digital image processing